Fini les paroles : Hamza - Statistiques

Statistiques générales
  • Ce quiz a été pris 147 fois
  • Le résultat moyen est 10 sur 30
Statistiques - réponses
Chansons Nombre de mots manquants Paroles Réponse % Correct
Life 2 Je me console chez Bellagio quand j'ai besoin de life
J'aimerais plus de temps pour savoir ce qui m'intoxique
J'vis un truc qu'ils sont sûrement pas prêts...
De vivre
93%
KYKY2BONDY 1 Elle rentre dans la chambre et j'la déshabille Comme Justin et Janet Elle rackette un rappeur tous les... Samedis
80%
Mi Amor 1 Je connais la raison Meuf donne moi la raison Allons à la... Maison
68%
Juste une Minute 2 Si un d'ces négros m'teste, j'sors le fire Baby, prends-moi dans tes bras Ou apprends-moi à vivre... Sans toi
54%
Dale x Love Therapy 2 Oh baby, my baby, ma seule princesse Elle saute sans cesse et les voisins s'inquiètent Mais y'a pas de stress, pas de love... Sans sexe
48%
DRAGONS 3 Y avait personne dans ma vie à part les drogues et les dragons J'ai craché dans cette bitch, j'ai brisé son cœur dans le salon Mon respect n'a... Pas de prix
47%
1994 4 Quand tous ces rêves étaient loins de moi J'faisais du sale j'avais pas le choix, depuis j'les reconnais même pas Y'avait que ma mère et ma conscience pour me consoler... Quand j'étais seul
47%
God Bless 2 Baby bounce back, synchronisé sur les bases Just woke up et fuck le reste, eh Booty tellement big qu'j'escalade le... Mont Everest
46%
Mes Lovés 1 Ma sacoche est pleine et ma boisson malsaine mais j'suis muy muy bien, wow Fini-finito la quarantaine, demande à Billy, c'est le sang d'la veine Le métal est calé devant l'... Abdomen
38%
YESTERDAY 1 J'suis okay si ma mère est okay Des haineux sont venus rafaler l'club Des daronnes sont parties déposer les... Fleurs
38%
Gasolina 1 Tiger Woods, j'suis dans son ah-ah Elle fait briller mon épée comme Zorro, Antonio Banderas, shoot la cabeza Mucho tequila, droga bonito, j'lui donne la chiquita, j'repars... Incognito
38%
Murder 4 Ton corps me donne envie de faire un murder Murder, baby, murder On dit qu'les... Yeux ne mentent pas
36%
ENCORE UNE NUIT 1 Encore une nuit mouvementée, ces pensées reviennent me hanter Pour toi, j'me nique la santé, j'te laisserai jamais tomber, non J'ai passé ma vie à m'planquer, de ceux qui veulent m'voir... Sombrer
34%
Validé 1 Remplis ton verre, j'ai envie qu'on s'aime Envie qu'on traîne de longues nuits sous l'ciel Pas d'cauchemar sans rêve, love jusqu'à c'qu'on... Crève
31%
Je m'évade 4 J'le fais pour ma maman, ma sœur et mon frère J's'rai une légende même avant qu'on m'enterre Nez à nez avec les... Portes de l'enfer
31%
Vibes 1 M.V.P, armé car le club est plein de ennemisM.O.B, content car la chambre est pleine de Hennessy J'fais ça... Sensationnel
28%
Henny me noie 3 Balenciaga, mon dernier achat
Tellement de monnaie et tellement de sauce
J'monte sur la scène et j'fais...
Sauter la fosse
27%
Late Nights 3 Prends ma main J'peux pas m'imaginer que ton love est sain Quand j'y pense j'ai... Des idées malsaines
25%
Love Break 3 C'est devenu difficile sans toi J'peux plus vivre sans toi mais tu veux vivre sans moi J'finis mes soirées... Ivres sans toi
22%
Paradise 1 Et ta life, on s'en bat la race, il s'est passé des choses dans ma life Choses que j'n'attendais pas mais regarde-moi, j'suis encore là Seul Dieu sait qu'j'en ai plein l'... Cœur
21%
Codéine 19 5 J'suis tombé dans la lean, j'venais d'avoir mes 19 Ça tournait dans le Nord avec la sacoche pleine de puff Bébé, j'viens du square mais j'ai... Des frérots sur la place
20%
Tu Me Donne Des Idées 2 Viens on l'fait juste après la défonce Ne dis rien mais j'connais la réponse Prépare-toi, on part dans... Trente secondes
19%
Ma réalité 3 Si tu roules avec un haineux, c'est que toi-même, t'es un haineux, woah Un homme qui pense à pouvoir un jour monter sur ma tête C'est un homme qui s'trouve depuis un putain d'moment... Sous mes pieds
17%
Nocif 2 Qui pourrait éclaircir ce mystère que t'entretiens autour de moi?
La nuit nous appartient mais tu veux continuer
Jusqu'à...
Tout déchirer
17%
Minuit 13 3 Pour l'croire, baby, faut l'voir Rockstar, northside et j'viens pas d'autre part Quand j'dis que j'viens pour... Prendre mon chèque
16%
Mucho Love 2 Ton rappeur s'est trompé de job, yeah No fake shit Prends ma main, la vie est plus belle dans... Mon spaceship
15%
Spider 1 J'aime pas les putains d'traîtres qui rôdent en ville et qui font les Sosa Si y a des nuages dans la pièce, c'est à cause de la fumée de ganja Monnaie comme Godzilla, mon Uzi chante... Shakira
10%
Aquafina 3 Chaque soir, j'arrête pas d'y repenser Whine up mami, j'ai d'la tequila Pas d'eins mais un... Boule de latina
9%
Slowdown 1 Déshabille toi dans ma Mase' Entre nous rien ne s'est jamais passé Elle est tellement fraîche que j'en suis... Glacé
9%
Habibi 2 Yo, bitch dominicaine Sexe-moi, baby sexe Ayo fuck ça, j'veux... Des chèques
2%
Aucun quiz correspondant
Distribution des résultats
% des personnes avec chaque résultat
Percentile par nombre de réponses
Votre historique - résultats
Vous n’avez pas pris ce quiz